Understanding basic statistics : concepts and methods /

This book is about: Organizing data; Averages and variation; Regression and correlation;...

Zapisane w:
Opis bibliograficzny
1. autor: Brase, Charles Henry.
Kolejni autorzy: Brase, Corrinne Pellillo.
Format: Książka
Język:English
Wydane: Boston : Houghton Mifflin, 2001.
Wydanie:2nd ed.
Hasła przedmiotowe:
Etykiety: Dodaj etykietę
Nie ma etykietki, Dołącz pierwszą etykiete!
Thư viện lưu trữ: Mạng thư viện Đại học Đà Nẵng
LEADER 01341cam a2200385 i 4500
001 000049071
003 8799
005 20180110102505.0
008 010324b2001 vm 000 eng
020 |a 0618054707 
040 |a LRCC  |c LRCC  |d LRCC 
041 0 |a eng 
082 1 4 |a 519.5  |b BR-C 
100 1 |a Brase, Charles Henry. 
245 0 0 |a Understanding basic statistics :  |b concepts and methods /  |c Charles Henry Brase, Corrinne Pellillo Brase. 
250 |a 2nd ed. 
260 |a Boston :  |b Houghton Mifflin,  |c 2001. 
300 |a xviii, 576, 60 p. :  |b ill. (some col.) ;  |c 23cm. 
520 3 |a This book is about: Organizing data; Averages and variation; Regression and correlation;... 
630 0 4 |a Mathemetics. 
630 0 4 |a Mathematical statistics. 
650 0 4 |a Mathematical statistics. 
700 1 |a Brase, Corrinne Pellillo. 
OWN |a DUT 
AVA |a UDN50  |b DUT  |c Book  |d 519.5 BR-C  |e available  |t Error 5001 Not defined in file expand_doc_bib_avail.  |f 1  |g 0  |h N  |i 0  |j SH  |k 1 
999 |a From the UDN01 
AVA |a UDN50  |b DUT  |c Book  |d 519.5 BR-C  |e available  |t Error 5001 Not defined in file expand_doc_bib_avail.  |f 1  |g 0  |h N  |i 0  |j SH  |k 1 
TYP |a Monograph 
TYP |a Printed language 
980 |a Mạng thư viện Đại học Đà Nẵng